Effect of A B fertilizers utilization on celery cabbage in hydroponics at royal university of agriculture's crop station,(ឥទ្ធពលនៃកាប្រ់ប្រាស់ជី អា បេ លើការលូតលាស់ដំណាំស្ពៃចង្កោះដាំក្នុងសូលុយស្យុងនៅស្ថានីពិសោធន៍ដំណាំ ណៃសាកលវិទ្យាល័យភូមិន្ធកសិកម្ម). (Record no. 828)

000 -LEADER
fixed length control field 00801nam a22001457a 4500
003 - CONTROL NUMBER IDENTIFIER
control field OSt
005 - DATE AND TIME OF LATEST TRANSACTION
control field 20150919112746.0
008 - FIXED-LENGTH DATA ELEMENTS--GENERAL INFORMATION
fixed length control field 150919b xxu||||| |||| 00| 0 eng d
040 ## - CATALOGING SOURCE
Transcribing agency RUA
082 ## - DEWEY DECIMAL CLASSIFICATION NUMBER
Classification number AGR SRE 2006 BO33 Or.1
100 ## - MAIN ENTRY--PERSONAL NAME
9 (RLIN) 858
Personal name SREY, CHANTHAN
245 ## - TITLE STATEMENT
Title Effect of A B fertilizers utilization on celery cabbage in hydroponics at royal university of agriculture's crop station,(ឥទ្ធពលនៃកាប្រ់ប្រាស់ជី អា បេ លើការលូតលាស់ដំណាំស្ពៃចង្កោះដាំក្នុងសូលុយស្យុងនៅស្ថានីពិសោធន៍ដំណាំ ណៃសាកលវិទ្យាល័យភូមិន្ធកសិកម្ម).
300 ## - PHYSICAL DESCRIPTION
Extent XIII,38p.
942 ## - ADDED ENTRY ELEMENTS (KOHA)
Source of classification or shelving scheme
Koha item type AGR

No items available.

មជ្ឈមណ្ឌលឯការនៃសាកលវិទ្យាល័យភូមិន្ទកសិកម្មចំការដូង

Powered by Koha